[Event "Titled Tue 25th Nov 2025"]
[Site "chess.com INT"]
[Date "2025.11.25"]
[Round "6"]
[White "Niemann,Hans Moke"]
[Black "Nakamura,Hi"]
[Result "1/2-1/2"]
[WhiteElo "2729"]
[BlackElo "2813"]

1.e4 c5 2.Nf3 g6 3.Bc4 Bg7 4.O-O Nc6 5.c3 e6 6.d4 cxd4 7.cxd4 d5 8.exd5 exd5
9.Bb3 Nge7 10.h3 h6 11.Nc3 O-O 12.Re1 Be6 13.Bf4 Nf5 14.Qd2 Ncxd4 15.Nxd4 Bxd4
16.Bxh6 Bxc3 17.bxc3 Nxh6 18.Qxh6 Qf6 19.Qd2 Rac8 20.Re3 Rc5 21.Rae1 Rfc8
22.Rf3 Qg7 23.Ree3 a5 24.Rd3 Qe5 25.Rfe3 Qg5 26.Bd1 Qf6 27.Bf3 b5 28.Bxd5 Bxd5
29.Rxd5 Rxd5 30.Qxd5 Rxc3 31.Rxc3 Qxc3 32.Qxb5 Qa1+ 33.Kh2 Qxa2 34.Qe8+ Kh7
35.Qd8 Qa4 36.Qc7 Qa2 37.Qd8 a4 38.Qh4+ Kg7 39.Qd4+ f6 40.Qd7+ Kh6 41.Qd4 a3
42.Qxf6 Qb2 43.Qh4+ Kg7 44.Qe7+ Kg8 45.Qe8+ Kh7 46.Qe7+ Kg8 47.Qe8+ Kg7 48.Qe7+ Kg8  1/2-1/2

[Event "Titled Tue 25th Nov 2025"]
[Site "chess.com INT"]
[Date "2025.11.25"]
[Round "7"]
[White "Nakamura,Hi"]
[Black "Korobov,A"]
[Result "1/2-1/2"]
[WhiteElo "2813"]
[BlackElo "2587"]

1.Nf3 d5 2.d4 Nf6 3.e3 c6 4.Bd3 Bg4 5.Nbd2 e6 6.c3 Nbd7 7.O-O Be7 8.e4 dxe4
9.Nxe4 O-O 10.h3 Bh5 11.Ng3 Bg6 12.Bxg6 hxg6 13.Qe2 c5 14.Rd1 cxd4 15.Nxd4 Qc7
16.Bg5 a6 17.Nf1 Rae8 18.Ne3 Nh5 19.Bxe7 Nf4 20.Qc4 Qxc4 21.Nxc4 Rxe7 22.h4 e5
23.Nb3 e4 24.Nd6 f5 25.Nxb7 Ne5 26.N7c5 Ned3 27.Nxd3 Nxd3 28.Rd2 Rb8 29.Rb1 Kf7
30.Nc1 Ne5 31.Ne2 Nc4 32.Rd4 Rxb2 33.Rxb2 Nxb2 34.Nf4 Rc7 35.Rd6 Rxc3 36.Nxg6 Nd3
37.h5 Rc1+ 38.Kh2 Nxf2 39.Rxa6 Ng4+ 40.Kg3 e3 41.Ra7+ Kf6 42.Nf4 Rc2 43.Ra6+ Kf7
44.Ra7+ Kf6 45.Ra6+ Kf7 46.Ra7+ Kf6  1/2-1/2

[Event "Titled Tue 25th Nov 2025"]
[Site "chess.com INT"]
[Date "2025.11.25"]
[Round "8"]
[White "Pranav,V"]
[Black "Nakamura,Hi"]
[Result "0-1"]
[WhiteElo "2641"]
[BlackElo "2813"]

1.e4 c5 2.Nf3 g6 3.c3 d5 4.e5 Nc6 5.d4 Bg4 6.Nbd2 cxd4 7.cxd4 Qa5 8.Be2 Bxf3
9.Bxf3 Nxd4 10.O-O Nxf3+ 11.Nxf3 e6 12.Bd2 Bb4 13.Bf4 Bc5 14.a3 Qd8 15.Rc1 Bb6
16.Bg5 Qd7 17.Qd2 h6 18.Bf6 Nxf6 19.exf6 Bc7 20.Rfe1 Bd6 21.g3 Kf8 22.Qd4 Kg8
23.Rc3 Kh7 24.Qh4 Rac8 25.Rec1 Rxc3 26.Rxc3 e5 27.Rb3 e4 28.Ng5+ Kg8 29.Qh3 Qe8
30.Nxf7 Qxf7 31.Qc8+ Kh7 32.Qxb7 Rf8 33.Rb5 Kg8 34.Qc6 Qxf6 35.Qxd5+ Kh8
36.Qd2 Be5 37.Rd5 Bxb2 38.Qxh6+ Kg8 39.Qe3 Qf3 40.Rd6 Qxe3 41.fxe3 Kg7 42.Ra6 Bc1
43.Rxa7+ Rf7 44.Ra4 Bxe3+ 45.Kg2 Re7 46.Kf1 Bd2 47.Ke2 e3 48.Rf4 Rb7 49.a4 Rb2
50.Re4 Ba5+ 51.Kxe3 Rxh2 52.Re7+ Kf6 53.Re4 Be1 54.Kf3 Ba5 55.Rf4+ Kg7 56.Re4 Ra2
57.Kg4 Ra3 58.Kh4 Kh6 59.Kh3 Bc7 60.Rh4+ Kg7 61.Rg4 Kf6 62.Kh4 Be5 63.Kh3 Kf5
64.Kh4 Bf6+ 65.Kh3 g5 66.Rb4 Be5 67.Rb5 Rxg3+ 68.Kh2 Rb3+ 69.Kg2 Rxb5 70.axb5 Bb8
71.Kf3 g4+ 72.Ke3 g3 73.Kf3 Ke6 74.b6 Kd7 75.Kg2 Kc6 76.Kf3 Kb7 77.Kg2 Kxb6
78.Kf1 Kc5 79.Kg2 Kd5 80.Kg1 Kd4 81.Kg2 Ke4 82.Kf1 Kf3 83.Kg1 Bf4 84.Kf1 g2+
85.Kg1 Be3+ 86.Kh2 g1=Q+ 87.Kh3 Qh1+  0-1

[Event "Titled Tue 25th Nov 2025"]
[Site "chess.com INT"]
[Date "2025.11.25"]
[Round "9"]
[White "Nakamura,Hi"]
[Black "Pranesh,M"]
[Result "0-1"]
[WhiteElo "2813"]
[BlackElo "2630"]

1.Nf3 d5 2.d4 Nf6 3.e3 e6 4.Bd3 b6 5.O-O Bb7 6.b3 Nbd7 7.Bb2 Bd6 8.Nbd2 O-O
9.c4 a6 10.Rc1 Ne4 11.Nb1 c5 12.cxd5 exd5 13.dxc5 Ndxc5 14.Nc3 Qe7 15.Bb1 Rad8
16.Ne2 a5 17.Ned4 g6 18.Nb5 Bb8 19.a3 f6 20.b4 axb4 21.axb4 Nd7 22.Qb3 Kh8
23.Nbd4 Ne5 24.Nxe5 fxe5 25.Bxe4 dxe4 26.Nc6 Bxc6 27.Rxc6 Kg7 28.Rxb6 Kh6
29.Qc4 Qh4 30.Qe2 Rf5 31.Rb7 Rdf8 32.Qd2 Rd8 33.Rd7 Rdf8 34.f4 exf3 35.e4+ Rg5
36.Bc1 Rf4 37.Rxf3 Qg4 38.Kh1 Rh5 39.Qf2 Qxd7 40.g3 Qd1+ 41.Qf1 Qc2 42.h3 Qxe4
43.gxf4 exf4 44.Qg2 Rg5 45.Qf2 Be5 46.Kh2 Kg7 47.Bxf4 Bxf4+ 48.Rxf4 Qe5 49.Qd4 Qxd4
50.Rxd4 Re5 51.Kg3 Re3+ 52.Kg4 h5+ 53.Kg5 Rg3+ 54.Kh4 Rb3 55.Kg5 Rg3+ 56.Kh4 Rg1
57.b5 Kh6 58.Rd6 Rb1 59.b6 Rb3 60.Rc6 Rd3 61.Re6 Rc3 62.Rc6 Rxc6  0-1

[Event "Titled Tue 25th Nov 2025"]
[Site "chess.com INT"]
[Date "2025.11.25"]
[Round "10"]
[White "Artemiev,V"]
[Black "Nakamura,Hi"]
[Result "1-0"]
[WhiteElo "2637"]
[BlackElo "2813"]

1.d4 e6 2.e4 d5 3.exd5 exd5 4.Nf3 Nf6 5.Bd3 Bd6 6.Qe2+ Qe7 7.Qxe7+ Kxe7 8.Nc3 c6
9.O-O h6 10.Re1+ Kd8 11.Ne5 Rf8 12.Bf4 Kc7 13.h3 Be6 14.Na4 b6 15.Bh2 Nbd7
16.f4 Ne4 17.Bxe4 dxe4 18.Rxe4 f5 19.Re2 Nf6 20.c4 Rfe8 21.Rc1 Kb7 22.Nxc6 Bd7
23.Rxe8 Rxe8 24.d5 Bxc6 25.dxc6+ Kxc6 26.Nc3 Bb4 27.Kf1 Rd8 28.Rd1 Re8 29.Nd5 Nxd5
30.cxd5+ Kd6 31.Bg1 Re4 32.g3 Bc5 33.Bxc5+ bxc5 34.Rd3 a5 35.b3 a4 36.Kf2 h5
37.h4 g6 38.Rd2 Rb4 39.Rd3 a3 40.Kf3 Re4 41.Kf2 Re8 42.Rd2 Re7 43.Rd3 Re4
44.Rd2 c4 45.bxc4 Rxc4 46.Ke3 Re4+ 47.Kf3 Ra4 48.Rd3 Ra6 49.Ke3 Ra4 50.Kd2 Ra7
51.Kc3 Ra8 52.Kb4 Ra7 53.Rxa3 Rc7 54.Rd3 Rb7+ 55.Kc4 Ra7 56.Kb3 Ra8 57.a4 Ra7
58.Kb4 Rb7+ 59.Kc4 Rb8 60.a5 Ra8 61.Kb4 Rb8+ 62.Ka4 Ra8 63.Rd2 Ra7 64.Kb5 Rb7+
65.Kc4 Ra7 66.Ra2 Rc7+ 67.Kd4  1-0

[Event "Titled Tue 25th Nov 2025"]
[Site "chess.com INT"]
[Date "2025.11.25"]
[Round "11"]
[White "Nakamura,Hi"]
[Black "Tari,A"]
[Result "1-0"]
[WhiteElo "2813"]
[BlackElo "2631"]

1.d4 d5 2.Nf3 Nf6 3.e3 e6 4.b3 b6 5.Bb2 Bb7 6.Bd3 Nbd7 7.O-O Bd6 8.c4 O-O
9.Nc3 a6 10.Rc1 Re8 11.Qc2 dxc4 12.bxc4 c5 13.d5 exd5 14.Nxd5 h6 15.Rfd1 Nxd5
16.cxd5 b5 17.Bh7+ Kh8 18.Bf5 Nb6 19.e4 Nc4 20.Ba1 Bc8 21.Bxc8 Rxc8 22.Re1 Qc7
23.Qc3 Ne5 24.Nh4 b4 25.Qh3 c4 26.f4 Bc5+ 27.Kf1 c3 28.fxe5 Qxe5 29.Nf3 Qb8
30.g3 Qb5+ 31.Kg2 Qc4 32.Qf5 Qxa2+ 33.Kh3 Bd6 34.Qxf7 Rf8 35.Qe6 Rce8 36.Qg6 Qf2
37.Rf1 Qe2 38.Rce1 Qd3 39.Qxd6 Rxf3 40.Rxf3 Qxf3 41.Qxb4 c2 42.Qb2 Re7 43.Qxc2 Rf7
44.Qe2  1-0

[Event "1st 3-0 Thu 27th Nov 2025"]
[Site "chess.com INT"]
[Date "2025.11.27"]
[Round "1"]
[White "Nakamura,Hi"]
[Black "Aslanov,Umid"]
[Result "1-0"]
[WhiteElo "2813"]
[BlackElo "2322"]

1.Nf3 d5 2.b3 Nf6 3.Bb2 e6 4.e3 Be7 5.d4 O-O 6.Bd3 c5 7.O-O Nc6 8.Nbd2 cxd4
9.exd4 b6 10.a3 Bb7 11.Re1 Rc8 12.Ne5 Nxe5 13.dxe5 Nd7 14.b4 a5 15.c3 d4
16.cxd4 axb4 17.axb4 Bxb4 18.Re3 Qg5 19.Ne4 Qe7 20.d5 Bxd5 21.Nf6+ Kh8 22.Bxh7 g6
23.Nxd5 exd5 24.e6+ Nf6 25.Rh3 Kg7 26.Qd4 Rc4 27.Qe3  1-0

[Event "2nd 3-0 Thu 27th Nov 2025"]
[Site "chess.com INT"]
[Date "2025.11.27"]
[Round "1"]
[White "Nakamura,Hi"]
[Black "Ersoz,Teoman Guney"]
[Result "1-0"]
[WhiteElo "2813"]
[BlackElo "1975"]

1.Nf3 Nf6 2.d4 g6 3.b3 Bg7 4.Bb2 d5 5.e3 O-O 6.c4 c5 7.dxc5 Qa5+ 8.Nbd2 Qxc5
9.a3 dxc4 10.Rc1 Nc6 11.b4 Qh5 12.Rxc4 Rd8 13.Be2 Qd5 14.O-O Bf5 15.Qa1 Bd3
16.Bxd3 Qxd3 17.Rfc1 a6 18.h3 Ne8 19.Bxg7 Nxg7 20.R4c3 Qd7 21.Nb3 Ne6 22.h4 h5
23.Nc5 Nxc5 24.Rxc5 Rac8 25.Qa2 Kg7 26.Ng5 Ne5 27.f3 b6 28.Rxc8 Rxc8 29.Rxc8 Qxc8
30.Qa1 f6 31.Nh3 Qc2 32.Nf4 Qd2 33.Kh1 Qxe3 34.Nh3 Nd3 35.Qa2 Qe1+ 36.Kh2 Qxh4
37.Qe6 Nf4 38.Qxe7+ Kh6 39.Qf8+ Kh7 40.Qe7+ Kh6 41.Qe3 g5 42.Qxb6 Nxh3 43.gxh3 Qf4+
44.Kg2 Qd2+ 45.Qf2 Qc3 46.Qa2 h4 47.Kf2 Qe5 48.Qg8 Qg3+ 49.Ke2 Qxh3 50.Qf8+ Kg6
51.Qe8+ Kh6 52.Qh8+ Kg6 53.Qe8+ Kh6 54.a4 Qg2+ 55.Ke3 Qg1+ 56.Kd3 Qd1+ 57.Kc4 Qxf3
58.b5 axb5+ 59.axb5 Qf4+ 60.Kc5 Qe3+ 61.Qxe3 Kg6 62.b6 g4 63.b7 g3 64.b8=Q g2
65.Qg8+ Kh5 66.Qee8+ Kh6 67.Qeg6+  1-0

[Event "1st 3-0 Thu 27th Nov 2025"]
[Site "chess.com INT"]
[Date "2025.11.27"]
[Round "2"]
[White "Rogov,Matfey"]
[Black "Nakamura,Hi"]
[Result "0-1"]
[WhiteElo "2356"]
[BlackElo "2813"]

1.e4 c5 2.a3 a5 3.Nf3 Nc6 4.d4 cxd4 5.Nxd4 g6 6.Nc3 Bg7 7.Be3 Nf6 8.Bc4 O-O
9.O-O Nxe4 10.Nxe4 d5 11.Bb5 Nxd4 12.Bxd4 dxe4 13.Bxg7 Kxg7 14.Qe2 Qb6 15.c4 f5
16.Rac1 Qc5 17.Rfd1 Be6 18.h4 Rad8 19.h5 b6 20.Qe1 Qe5 21.Qe3 f4 22.Qxb6 Rd3
23.c5 Rb3 24.Qb7 e3 25.Rf1 e2 26.Rfe1 f3 27.g3 Rf7 28.a4 Qxh5  0-1

[Event "2nd 3-0 Thu 27th Nov 2025"]
[Site "chess.com INT"]
[Date "2025.11.27"]
[Round "2"]
[White "Germanovs,Georgijs"]
[Black "Nakamura,Hi"]
[Result "0-1"]
[WhiteElo "2260"]
[BlackElo "2813"]

1.e4 g6 2.d4 c5 3.dxc5 Qa5+ 4.Bd2 Qxc5 5.Bc3 Nf6 6.Nd2 d6 7.Ngf3 Bg7 8.Bd3 Ng4
9.O-O Bxc3 10.bxc3 O-O 11.Nc4 Be6 12.Qe2 Nc6 13.Rab1 b5 14.Ne3 a6 15.Nd5 Bxd5
16.exd5 Nce5 17.Ng5 Nf6 18.Rb4 Qxc3 19.Rh4 Nxd3 20.cxd3 Qe5 21.Qd2 Rac8 22.Re1 Qc3
23.Qe2 h5 24.Rf4 Qe5 25.Qxe5 dxe5 26.Rxf6 exf6 27.Ne4 Kg7  0-1

[Event "2nd 3-0 Thu 27th Nov 2025"]
[Site "chess.com INT"]
[Date "2025.11.27"]
[Round "3"]
[White "Nakamura,Hi"]
[Black "Hamidi,Amir Mohammad"]
[Result "1-0"]
[WhiteElo "2813"]
[BlackElo "2209"]

1.Nf3 g6 2.e4 Bg7 3.d4 e6 4.h4 h6 5.c4 Ne7 6.Nc3 d5 7.cxd5 exd5 8.e5 O-O
9.h5 g5 10.Nxg5 hxg5 11.h6 Bh8 12.h7+ Kg7 13.Bxg5 f6 14.Bh6+ Kf7 15.Qh5+ Ke6
16.Bxf8 Qxf8 17.exf6 Qxf6 18.O-O-O Nbc6 19.Qe8 Qg5+ 20.f4 Qg7 21.g4 a6 22.g5 Kd6
23.Rh6+  1-0

[Event "1st 3-0 Thu 27th Nov 2025"]
[Site "chess.com INT"]
[Date "2025.11.27"]
[Round "3"]
[White "Nakamura,Hi"]
[Black "Hamidi,Amir Mohammad"]
[Result "1-0"]
[WhiteElo "2813"]
[BlackElo "2209"]

1.Nf3 Nf6 2.d4 g6 3.c4 Bg7 4.Nc3 O-O 5.g3 d6 6.Bg2 Nbd7 7.O-O e5 8.e4 exd4
9.Nxd4 Re8 10.h3 c6 11.Qc2 a5 12.Be3 Nc5 13.Rfe1 Nfd7 14.Rad1 a4 15.f4 Qa5
16.Bf2 Nb6 17.Nb1 Qb4 18.Nd2 a3 19.b3 Na6 20.N2f3 Qa5 21.e5 d5 22.c5 Nd7
23.e6 fxe6 24.Nxe6 Nb4 25.Qd2 Nf6 26.Nxg7 Kxg7 27.Bd4 Bf5 28.g4 Be4 29.g5  1-0

[Event "1st 3-0 Thu 27th Nov 2025"]
[Site "chess.com INT"]
[Date "2025.11.27"]
[Round "4"]
[White "Zhigalko,S"]
[Black "Nakamura,Hi"]
[Result "0-1"]
[WhiteElo "2572"]
[BlackElo "2813"]

1.e4 g6 2.d4 Bg7 3.Nc3 a6 4.Nf3 d6 5.Be3 Nf6 6.Bd3 Nc6 7.d5 Nb8 8.h3 c6 9.a4 a5
10.O-O Nfd7 11.Qd2 Na6 12.Bh6 O-O 13.Bxg7 Kxg7 14.Rfe1 Nac5 15.Bf1 Nf6 16.Rad1 cxd5
17.exd5 Bd7 18.b3 Rc8 19.Bb5 Re8 20.Bxd7 Ncxd7 21.Nb5 Qb6 22.Re2 Nc5 23.Rde1 Qd8
24.Qd4 Kg8 25.Nd2 Ncd7 26.Nc4 Rc5 27.Ne3 h5 28.c4 Rc8 29.Nf1 Nc5 30.Nd2 Nh7
31.Re3 Qd7 32.Qf4 Rcd8 33.Nf3 e5 34.dxe6 Rxe6 35.Rd1 Qe7 36.Rxe6 Qxe6 37.Rxd6 Rxd6
38.Qxd6 Nxb3 39.Qxe6 fxe6 40.Nd6 Nc5 41.Ne5 Nf8 42.f4 b6 43.Kf2 Nxa4 44.Ke3 Nc5
45.Kd4 Kg7 46.g4 hxg4 47.hxg4 Nfd7 48.Nxd7 Nxd7 49.Nc8 g5 50.fxg5 Kg6 51.c5 bxc5+
52.Kc4 a4 53.Nd6 Kxg5 54.Ne4+ Kxg4 55.Nc3 e5 56.Nxa4 e4 57.Nc3 Kf3 58.Nd5 e3
59.Nxe3 Kxe3 60.Kd5 Kd3 61.Kd6 c4 62.Kd5 c3 63.Kd6 c2 64.Kd5 c1=Q 65.Kd6 Qc4  0-1

[Event "2nd 3-0 Thu 27th Nov 2025"]
[Site "chess.com INT"]
[Date "2025.11.27"]
[Round "4"]
[White "Terry,R"]
[Black "Nakamura,Hi"]
[Result "0-1"]
[WhiteElo "2508"]
[BlackElo "2813"]

1.d4 Nf6 2.Bg5 d5 3.e3 c5 4.c3 Qb6 5.Qb3 c4 6.Qc2 g6 7.Bxf6 Bf5 8.e4 Bxe4
9.Qa4+ Nc6 10.Bxh8 Qxb2 11.Nd2 Qxa1+ 12.Qd1 Qxc3 13.Ne2 Qa5 14.f3 Nb4 15.Kf2 Bc2
16.Qa1 Nd3+ 17.Ke3 Bh6+ 18.f4 Nxf4 19.Nxf4 Bxf4+ 20.Kxf4 Qxd2+ 21.Kg3 Qe3+
22.Kh4 Qf4+ 23.g4 h5 24.Rg1 g5+ 25.Kxh5 Qxh2+ 26.Kxg5 f6+ 27.Bxf6 exf6+ 28.Kxf6 Qf4+
29.Ke6 O-O-O  0-1

[Event "2nd 3-0 Thu 27th Nov 2025"]
[Site "chess.com INT"]
[Date "2025.11.27"]
[Round "5"]
[White "Nakamura,Hi"]
[Black "Ashraf,Artin"]
[Result "1-0"]
[WhiteElo "2813"]
[BlackElo "2470"]

1.Nf3 d5 2.d4 Nf6 3.e3 Bf5 4.c4 e6 5.Nc3 c6 6.Nh4 Be4 7.f3 Bg6 8.Qb3 Qc7
9.cxd5 cxd5 10.Bd2 Nc6 11.O-O-O a6 12.Nxg6 hxg6 13.Kb1 Na5 14.Qa4+ Nc6 15.Rc1 Rc8
16.h4 Nd7 17.g4 Be7 18.h5 Nb6 19.Qd1 gxh5 20.gxh5 Nc4 21.Bxc4 dxc4 22.Qg1 Rh7
23.h6 g6 24.Ne4 b5 25.Be1 Qd8 26.Qg4 Qd5 27.Bh4 Qf5 28.Bxe7 Qxg4 29.Nd6+ Kxe7
30.Nxc8+ Kd8 31.fxg4 Kxc8 32.b3 Na5 33.Rcf1 cxb3 34.axb3 Nxb3 35.Kc2 Na5
36.Rxf7 Rxf7 37.h7 Rxh7 38.Rxh7 Nc4 39.Kd3 a5 40.Re7 a4 41.Rxe6 a3 42.Kc3 a2
43.Ra6 Nxe3 44.Rxa2 Nxg4 45.Rg2 Ne3 46.Rxg6 Nd5+ 47.Kb3 Kd7 48.Rh6 Kc7 49.Rh5 Kd6
50.Rg5 Kc6 51.Rg6+ Kd7 52.Rh6 Kc7 53.Kc2 Kd7 54.Kd3 Ke7 55.Ke4 Nf6+ 56.Kf5 Nd5
57.Ke5 Ne3 58.Rh7+ Kd8 59.d5 b4 60.Rb7 Nc4+ 61.Ke6 Kc8 62.Rxb4  1-0

[Event "1st 3-0 Thu 27th Nov 2025"]
[Site "chess.com INT"]
[Date "2025.11.27"]
[Round "5"]
[White "Nakamura,Hi"]
[Black "Ter Sahakyan,S"]
[Result "1-0"]
[WhiteElo "2813"]
[BlackElo "2613"]

1.Nf3 d5 2.b3 c5 3.e3 Nf6 4.Bb2 g6 5.g3 Bg7 6.Bg2 O-O 7.O-O Nc6 8.Ne5 Nxe5
9.Bxe5 b6 10.c4 Bb7 11.Nc3 e6 12.d4 cxd4 13.Qxd4 Rc8 14.Rad1 Re8 15.Nb5 Nh5
16.Nxa7 Ra8 17.Nb5 Rxa2 18.cxd5 exd5 19.Bxg7 Nxg7 20.Qb4 Nf5 21.Nc3 Ra5 22.e4 Ne7
23.exd5 Nf5 24.d6 Bxg2 25.Kxg2 Qa8+ 26.Kg1 Qf3 27.d7 Rd8 28.Qxb6 Raa8 29.Nd5 Nh4
30.Ne3  1-0

[Event "2nd 3-0 Thu 27th Nov 2025"]
[Site "chess.com INT"]
[Date "2025.11.27"]
[Round "6"]
[White "Movahed,Sina"]
[Black "Nakamura,Hi"]
[Result "1/2-1/2"]
[WhiteElo "2596"]
[BlackElo "2813"]

1.e4 e5 2.Nf3 Nc6 3.Bb5 Nf6 4.O-O Nxe4 5.Re1 Nd6 6.Nxe5 Be7 7.Bd3 Nxe5 8.Rxe5 O-O
9.Nc3 Ne8 10.b3 c6 11.Qf3 d5 12.Bb2 Bf6 13.Re2 Nc7 14.Rae1 Ne6 15.Qg3 Nd4
16.Re3 Nf5 17.Bxf5 Bxf5 18.Rf3 Bg6 19.h3 Re8 20.Rxe8+ Qxe8 21.Re3 Qd7 22.Na4 d4
23.Re1 b6 24.d3 Re8 25.f3 h5 26.Bc1 h4 27.Qf2 Be5 28.Kf1 Bf6 29.Nb2 b5 30.Nd1 c5
31.Rxe8+ Qxe8 32.Qe2 Qd7 33.Nf2 Be7 34.Bf4 c4 35.Qe5 cxd3 36.cxd3 Bf6 37.Qe2 Qc6
38.Ne4 Be7 39.Ke1 f6 40.Kd1 Bf7 41.Qc2 Qxc2+ 42.Kxc2 a6 43.Bd6 Kf8 44.Bc5 f5
45.Bxe7+ Kxe7 46.Nd2 a5 47.f4 Bd5 48.Nf3 Bxf3 49.gxf3 Kf6 50.Kd2 g5 51.Ke2 Kg6
52.a3 Kh5 53.Kf2 g4 54.Kg2 g3 55.b4 a4 56.Kg1 Kh6 57.Kg2 Kh5 58.Kg1 Kh6 59.Kg2 Kh5  1/2-1/2

[Event "1st 3-0 Thu 27th Nov 2025"]
[Site "chess.com INT"]
[Date "2025.11.27"]
[Round "6"]
[White "Atakhan,Abtin"]
[Black "Nakamura,Hi"]
[Result "0-1"]
[WhiteElo "2405"]
[BlackElo "2813"]

1.c4 e5 2.g3 Nf6 3.Bg2 c6 4.Nf3 e4 5.Nd4 Qb6 6.Nb3 a5 7.d3 a4 8.N3d2 exd3
9.exd3 d5 10.O-O Be7 11.Re1 Be6 12.Nc3 Qa5 13.Nf3 O-O 14.Ng5 dxc4 15.Nxe6 fxe6
16.dxc4 Bc5 17.Qe2 Nbd7 18.Qxe6+ Kh8 19.Be3 Rae8 20.Qf5 a3 21.Bxc5 axb2 22.Rab1 Rxe1+
23.Rxe1 Qxc3 24.Rb1 Nxc5 25.Qxc5 Re8 26.Bf1 Qc2  0-1

[Event "1st 3-0 Thu 27th Nov 2025"]
[Site "chess.com INT"]
[Date "2025.11.27"]
[Round "7"]
[White "Nakamura,Hi"]
[Black "Lazavik,Denis"]
[Result "1/2-1/2"]
[WhiteElo "2813"]
[BlackElo "2605"]

1.Nf3 Nf6 2.d4 d5 3.e3 e6 4.b3 b6 5.Bb2 Bb7 6.Bd3 Be7 7.Nbd2 O-O 8.O-O Nbd7
9.c4 a5 10.a3 Ne4 11.cxd5 exd5 12.Ne5 f6 13.Nxd7 Qxd7 14.Nxe4 dxe4 15.Bc4+ Kh8
16.a4 Bd5 17.Ba3 Bxa3 18.Rxa3 c6 19.Ra2 f5 20.Qd2 Qd6 21.Rc2 f4 22.exf4 Rxf4
23.Bxd5 cxd5 24.Rfc1 Raf8 25.Rc8 Rf6 26.Rxf8+ Rxf8 27.Qg5 h6 28.Qg3 Qf6 29.Qe3 Kh7
30.h3 Rf7 31.Rc3 Qd6 32.Qg3 Qf6 33.Qe3 Qd6 34.h4 Qf6 35.h5 Qf5 36.Qe2 Qg5
37.Rc6 Rf6 38.Rxf6 Qxf6 39.Qg4 Qxd4 40.Qg6+ Kh8 41.Qe8+ Kh7 42.Qg6+ Kh8 43.Qe8+ Kh7
44.Qg6+  1/2-1/2

[Event "2nd 3-0 Thu 27th Nov 2025"]
[Site "chess.com INT"]
[Date "2025.11.27"]
[Round "7"]
[White "Nakamura,Hi"]
[Black "Maghsoodloo,Parham"]
[Result "1-0"]
[WhiteElo "2813"]
[BlackElo "2701"]

1.Nf3 d5 2.d4 Nf6 3.e3 c6 4.c4 Bg4 5.h3 Bh5 6.Bd3 e6 7.Nbd2 Nbd7 8.b3 Bg6
9.Bxg6 hxg6 10.Qc2 a5 11.a3 Bd6 12.Bb2 O-O 13.O-O Qe7 14.Rfe1 Rfe8 15.e4 dxe4
16.Nxe4 Nxe4 17.Rxe4 Nf6 18.Re3 Qc7 19.g3 c5 20.Rae1 Rad8 21.Kg2 cxd4 22.Nxd4 Bc5
23.Nb5 Qc6+ 24.Rf3 Rd7 25.Rd1 Red8 26.Rxd7 Rxd7 27.Nc3 g5 28.Bc1 g4 29.hxg4 Nxg4
30.Qe4 Nxf2 31.Qxc6 bxc6 32.Na4 Nd3 33.Rxd3 Rxd3 34.Nxc5 Rc3 35.Bf4 a4 36.bxa4 Rxc4
37.Bd6 Rc3 38.a5 Rxa3 39.Bc7 e5 40.a6 f5 41.Bxe5 Kf7 42.Bb8 g5 43.a7 f4 44.g4 Ke7
45.Ne4 Ke6 46.Nxg5+ Kd5 47.Nh3 c5 48.Nxf4+ Kc6 49.g5 Kb7 50.g6 Re3 51.g7 Re8
52.Ne6 Rg8 53.Nxc5+ Ka8 54.Ne6 Kb7 55.Kf3 Ka8 56.Nc7+ Kb7 57.a8=Q+  1-0

[Event "2nd 3-0 Thu 27th Nov 2025"]
[Site "chess.com INT"]
[Date "2025.11.27"]
[Round "8"]
[White "Nakamura,Hi"]
[Black "Carlsen,M"]
[Result "0-1"]
[WhiteElo "2813"]
[BlackElo "2839"]

1.e4 c5 2.Nf3 d6 3.c3 Nf6 4.Bd3 Nc6 5.h3 e5 6.Bc2 d5 7.d3 d4 8.Ba4 Bd6 9.Na3 O-O
10.Bxc6 bxc6 11.Nc4 Re8 12.O-O Bc7 13.cxd4 cxd4 14.Bg5 h6 15.Bh4 a5 16.Rc1 a4
17.Bg3 Nd7 18.Ne1 Qg5 19.Nf3 Qd8 20.Ne1 Qf6 21.Qd2 Qg6 22.Nf3 c5 23.Nh4 Qg5
24.Qe2 Nf8 25.Nf3 Qf6 26.Nh4 g5 27.Nf5 Bxf5 28.Qf3 Ng6 29.exf5 Ne7 30.Nd2 Qxf5
31.Rxc5 Qxf3 32.Nxf3 Bd6 33.Rb5 f6 34.Nxd4 Reb8 35.Re1 Kf7 36.Rxb8 Rxb8 37.Nf3 Rxb2
38.d4 Bb4 39.Re4 Nf5 40.dxe5 Nxg3 41.fxg3 a3 42.Kh2 Bc3 43.Re3 Rc2 44.exf6 Kxf6
45.g4 Bb4 46.Re4 Bd6+ 47.Kg1 Rxa2 48.Nd4 Bc5 49.Kh2 Rd2 50.Nb3 Bd6+ 51.Kg1 Rd3
52.Nd4 Rxd4  0-1

[Event "1st 3-0 Thu 27th Nov 2025"]
[Site "chess.com INT"]
[Date "2025.11.27"]
[Round "8"]
[White "Carlsen,M"]
[Black "Nakamura,Hi"]
[Result "0-1"]
[WhiteElo "2839"]
[BlackElo "2813"]

1.d4 Nf6 2.c4 e6 3.Nc3 Bb4 4.f3 c5 5.a3 Bxc3+ 6.bxc3 Qa5 7.Bd2 d6 8.e4 O-O
9.Bd3 Nfd7 10.f4 Nb6 11.Nf3 Qa4 12.Qe2 Nc6 13.e5 Na5 14.Bxh7+ Kxh7 15.Ng5+ Kg8
16.Qd3 Rd8 17.Qh7+ Kf8 18.O-O Nbxc4 19.Qh8+ Ke7 20.Qxg7 Qe8 21.f5 Qg8 22.f6+ Kd7
23.Nxf7 Qxg7 24.fxg7 Rg8 25.Bh6 b6 26.Rae1 cxd4 27.cxd4 Bb7 28.exd6 Bd5 29.Rc1 b5
30.g4 Nb3 31.Rcd1 a5 32.h4 b4 33.a4 Nbd2 34.Bxd2 Rxg7 35.Bg5 Rag8 36.Ne5+ Kxd6
37.Kh2 b3 38.Rb1 Nxe5 39.dxe5+ Kc5 40.Kg3 Kb4 41.Rfc1 Kxa4 42.Ra1+ Kb5 43.Rab1 Rxg5
44.hxg5 Rxg5 45.Kf4 Rg8 46.g5 a4 47.Kg4 a3 48.Rc3 Kb4 49.Rd3 a2 50.Rd4+ Kc3
51.Rbd1 Bc4 52.R4d3+ Bxd3  0-1

[Event "1st 3-0 Thu 27th Nov 2025"]
[Site "chess.com INT"]
[Date "2025.11.27"]
[Round "9"]
[White "Nakamura,Hi"]
[Black "Sarana,A"]
[Result "1-0"]
[WhiteElo "2813"]
[BlackElo "2675"]

1.Nf3 d5 2.d4 Nf6 3.e3 c5 4.c4 e6 5.cxd5 exd5 6.Bb5+ Nc6 7.O-O Bd6 8.dxc5 Bxc5
9.Qc2 Qb6 10.Nc3 O-O 11.Be2 Bb4 12.Bd2 Bg4 13.a3 Be7 14.h3 Bh5 15.Rac1 Rfd8
16.Nh4 Rac8 17.Bxh5 Nxh5 18.Nf5 Bf8 19.Qb1 Nf6 20.Rfd1 d4 21.exd4 Nd5 22.Nxd5 Rxd5
23.Bc3 Ne7 24.Ne3 Rd7 25.d5 Rcd8 26.Qe4 Qg6 27.Qf3 Qg5 28.Rd4 Nxd5 29.h4 Qf6
30.Qxf6 Nxf6 31.Rxd7 Nxd7 32.Rd1 Be7 33.Nf5 Bf8 34.h5 h6 35.Ba5 b6 36.Bc3 f6
37.Bb4 Bxb4 38.axb4 a5 39.bxa5 bxa5 40.g4 a4 41.Rd4 Kf7 42.Kg2 Kf8 43.Rxa4 Ne5
44.Ra7 Nf7 45.Rb7 Ne5 46.Nxg7 Rd2 47.Ne6+ Ke8 48.Ng7+ Kf8 49.Nf5 Nxg4 50.Kf3 Nxf2
51.Nxh6 Nd3 52.Rb8+ Kg7 53.Nf5+ Kh7 54.Rb7+ Kh8 55.b4 Ne5+ 56.Ke4 Rb2 57.b5 Nc4
58.Kd5 Na5 59.Rb8+ Kh7 60.Ke6 Re2+ 61.Kxf6 Nc4 62.Rb7+ Kh8 63.Rb8+ Kh7 64.b6 Na5
65.Rc8 Rb2 66.Rc7+ Kh8 67.Ne7 Kh7 68.Nc6+ Kh6 69.Nxa5 Rxb6+ 70.Nc6 Rxc6+
71.Rxc6 Kxh5 72.Rc1  1-0

[Event "2nd 3-0 Thu 27th Nov 2025"]
[Site "chess.com INT"]
[Date "2025.11.27"]
[Round "9"]
[White "Mahdavi,Reza"]
[Black "Nakamura,Hi"]
[Result "1/2-1/2"]
[WhiteElo "2492"]
[BlackElo "2813"]

1.e4 c5 2.Nf3 g6 3.c3 d5 4.exd5 Qxd5 5.d4 Bg7 6.Nbd2 cxd4 7.Bc4 Qd8 8.Nxd4 Nf6
9.O-O O-O 10.Re1 Bg4 11.N2f3 Qc7 12.Qe2 Bxf3 13.Nxf3 Nc6 14.Bg5 e6 15.Rad1 a6
16.h3 b5 17.Bb3 Na5 18.Ne5 Nxb3 19.Bxf6 Bxf6 20.Nd7 Bg7 21.axb3 Rfd8 22.Qf3 Rac8
23.Nf6+ Kh8 24.Ne4 h6 25.b4 Kg8 26.Qe3 a5 27.Qc5 Rxd1 28.Rxd1 Qxc5 29.bxc5 f5
30.Nd6 Rxc5 31.Nb7 Re5 32.Nxa5 Re2 33.Rd8+ Kh7 34.Rd7 Rxb2 35.Nc6 h5 36.Nd4 Rb1+
37.Kh2 Rd1 38.Rb7 Kh6 39.Nxe6 Be5+ 40.f4 Bxc3 41.Ng5 Bg7 42.Nf7+ Kh7 43.Ng5+ Kh6
44.Rxb5 Rf1 45.Nf7+ Kh7 46.Ng5+ Kh6 47.g3 h4 48.Nf7+ Kh7 49.Ng5+ Kh6 50.Kg2 Rc1
51.Nf7+ Kh7 52.Ng5+ Kh6 53.Nf7+ Kh7 54.g4 Rc2+ 55.Kf3 Rc3+ 56.Ke2 fxg4 57.hxg4 h3
58.Ng5+ Kh6 59.Nf7+ Kh7 60.Ng5+ Kh6 61.Rb1 h2 62.Rh1 Rc2+ 63.Kf3 Bd4 64.Kg3 Bg1
65.Nf3 Rc3 66.Kg2 Rc2+ 67.Kg3 Rc3 68.Kg2 Rc2+ 69.Kg3  1/2-1/2

[Event "2nd 3-0 Thu 27th Nov 2025"]
[Site "chess.com INT"]
[Date "2025.11.27"]
[Round "10"]
[White "Nakamura,Hi"]
[Black "Taher,Yoseph Theolifus"]
[Result "1/2-1/2"]
[WhiteElo "2813"]
[BlackElo "2451"]

1.Nf3 Nf6 2.d4 d5 3.e3 c5 4.c4 cxd4 5.exd4 e6 6.Nc3 Nc6 7.c5 Ne4 8.Bd3 Nxc3
9.bxc3 Be7 10.O-O O-O 11.Bc2 b6 12.Qd3 g6 13.Bh6 Re8 14.Qe3 bxc5 15.h4 cxd4
16.cxd4 Bd7 17.h5 Bf6 18.hxg6 hxg6 19.Qf4 e5 20.dxe5 Nxe5 21.Rae1 Nxf3+ 22.Qxf3 Rxe1
23.Rxe1 Rc8 24.Bd3 Bg5 25.Bxg5 Qxg5 26.Bf1 Be6 27.Qa3 Rc7 28.Qd6 Qe7 29.Qg3 Rc8
30.Bd3 Qf6 31.Qd6 Kg7 32.Qa6 Rc7 33.Qa5 Qc3 34.Qxc3+ Rxc3 35.Bb5 Kf6 36.a4 Ke7
37.Kf1 Kd6 38.Ke2 d4 39.Kd2 Ra3 40.Rc1 Bd5 41.f3 Be6 42.Rc6+ Ke5 43.Rc5+ Kf4
44.Rc7 a5 45.Ra7 Kg3 46.Rxa5 Kxg2 47.Bc6 Kg3 48.Rc5 Kf4 49.a5 Bf5 50.Rc4 Ra2+
51.Kc1 Rxa5 52.Rxd4+ Ke3 53.Rc4 Bd3 54.Rc3 Kd4 55.Kb2 Bc4 56.Rc1 Ra2+ 57.Kb1 Rf2
58.Be4 Ba2+ 59.Ka1 Be6 60.Rd1+ Ke5 61.Re1 Kf4 62.Bxg6 Rxf3 63.Bh5 Ra3+ 64.Kb2 Ra5
65.Bxf7 Rb5+ 66.Kc3 Bxf7 67.Rf1+ Kg5 68.Rxf7 Rf5 69.Rxf5+ Kxf5  1/2-1/2

[Event "1st 3-0 Thu 27th Nov 2025"]
[Site "chess.com INT"]
[Date "2025.11.27"]
[Round "10"]
[White "Artemiev,V"]
[Black "Nakamura,Hi"]
[Result "1/2-1/2"]
[WhiteElo "2637"]
[BlackElo "2813"]

1.d4 Nf6 2.c4 e6 3.Nf3 Bb4+ 4.Bd2 c5 5.a3 Bxd2+ 6.Qxd2 b6 7.Nc3 Bb7 8.e3 O-O
9.Be2 cxd4 10.Qxd4 Nc6 11.Qd1 Rc8 12.Nb5 d5 13.O-O a6 14.cxd5 Nxd5 15.Nbd4 b5
16.Rc1 Nde7 17.Nb3 Qb6 18.Nc5 Rfd8 19.Qe1 Na5 20.Nxb7 Nxb7 21.Rxc8 Rxc8 22.Qb1 Qc7
23.Ng5 Ng6 24.Bd3 Nd6 25.g3 Ne8 26.h4 Nf6 27.Ne4 Nd5 28.Kg2 Ne5 29.Ng5 h6
30.Nf3 Ng4 31.Re1 Qc5 32.Bh7+ Kf8 33.Be4 Ndf6 34.Bd3 Qd5 35.Rd1 Qc5 36.Rd2 Qb6
37.Rc2 Rd8 38.Rd2 Rd6 39.Qe1 Qb7 40.Bc2 Rxd2 41.Qxd2 Ke8 42.Qd4 Qc6 43.Bd3 e5
44.Qa7 Nd7 45.Be2 Ngf6 46.Kg1 Qc1+ 47.Kg2 Qxb2 48.Bf1 Ng4 49.e4 Qc2 50.Kg1 g6
51.h5 gxh5 52.Nh4 Qxe4 53.Qxa6 Qd4 54.Qa8+ Ke7 55.Nf5+ Kf6 56.Nxd4 exd4 57.Qe4 Nde5
58.Qxd4 Ke6 59.Kg2 Nf6 60.Bxb5 h4 61.Bc4+ Kf5 62.Qf4+ Kg6 63.Qxe5 h3+ 64.Kxh3 Ng8
65.Bd3+ f5 66.Bxf5+ Kf7 67.Be6+ Ke7 68.Bxg8+ Kf8 69.Qf6+ Kxg8 70.Kh4 h5 71.Kxh5 Kh7
72.Qe7+ Kg8 73.Kg6 Kh8  1/2-1/2